00457cam a2200157ua 45000010005000000080039000050400009000440820008000531000039000612450069001002500009001692600040001783000017002186530015002356530049002502915110916n ii |||gr||||Z||||||asm cMAIN a9201 aBhuyan, Jugendra Narayan,eEditor.11aMahim Bora: srastra aru sristriced. by Jugendra Narayan Bhuyan  a1st. aNagaon:bRumi Rupak enterprize,989. a117p:c23cm. aBiography  aBiography of Mahim Bora: srastra aru sristri